000
00322nam a22001337a 4500
020
_a
0863802184
082
_a
620.3 EWI
100
_a
Ewins, D.J
_9
69225
245
_a
Model Testing , Theory, Practice And Application
250
_a
2ND
260
_a
LONDON
_b
RESEARCH SOCIETY
_c
2000
300
_a
XIII, 562P
942
_c
BK
999
_c
576597
_d
576597